| 000 | 00487nam a2200169Ia 4500 | ||
|---|---|---|---|
| 003 | OSt | ||
| 005 | 20240313100148.0 | ||
| 008 | 190216s9999||||xx |||||||||||||| ||und|| | ||
| 040 | _coclc | ||
| 082 |
_a894.8124 _bPIL/S |
||
| 100 |
_aPillai, P K Narayana _97155 |
||
| 245 | 0 |
_aSahityakeli / _cP K Narayana Pillai |
|
| 260 |
_bNational Book Stall, _c1970. _aKottayam: |
||
| 300 | _a132p | ||
| 650 | _aLekhanam | ||
| 942 |
_cBK _2ddc _h894.8124 _iPIL/S _k894.8124 _mPIL/S |
||
| 999 |
_c24932 _d24932 |
||